တက္ကသိုလ် ပါဠိဖတ်စာ / (Record no. 27227)

000 -LEADER
fixed length control field 00940nam a22001697a 4500
005 - DATE AND TIME OF LATEST TRANSACTION
control field 20260122192746.0
008 - FIXED-LENGTH DATA ELEMENTS--GENERAL INFORMATION
fixed length control field 230714b ||||| |||| 00| 0 eng d
040 ## - CATALOGING SOURCE
Transcribing agency SSBUL
Modifying agency SSBUL
082 ## - DEWEY DECIMAL CLASSIFICATION NUMBER
Edition number 23
Classification number ၄၉၁.၃၇၀၇၁ တက် ၁၆၀၃၈(၂) (S-SAT)
245 ## - TITLE STATEMENT
Title တက္ကသိုလ် ပါဠိဖတ်စာ /
Statement of responsibility, etc. ရန်ကုန်ဝိဇ္ဇာနှင့် သိပ္ပံတက္ကသိုလ်ပါဠိဌာန ပြုစုသည်။
260 ## - PUBLICATION, DISTRIBUTION, ETC.
Place of publication, distribution, etc. ရန်ကုန်၊
Date of publication, distribution, etc. ၁၉၇၁။
300 ## - PHYSICAL DESCRIPTION
Extent ၁၆၈ စာမျက်နှာ၊
Dimensions ၁၈ စင်တီ။
440 ## - SERIES STATEMENT/ADDED ENTRY--TITLE
Title တက္ကသိုလ်များစာအုပ် ပြုစုထုတ်ဝေရေးကော်မတီစာစဉ် (၇၄)။
9 (RLIN) 28018
500 ## - GENERAL NOTE
General note S-SAT: Dr. Prof Sai Aung Tun
650 ## - SUBJECT ADDED ENTRY--TOPICAL TERM
Topical term or geographic name entry element ပါဠိဘာသာစကား
General subdivision ဖတ်စာ။
9 (RLIN) 28019
942 ## - ADDED ENTRY ELEMENTS (KOHA)
Source of classification or shelving scheme
Koha item type Book (Short term)
Holdings
Withdrawn status Lost status Source of classification or shelving scheme Damaged status Not for loan Collection code Permanent Location Current Location Shelving location Date acquired Total Checkouts Full call number Barcode Date last seen Price effective from Koha item type Accession
          Special Collections Shan State Buddhist University Library Shan State Buddhist University Library Special Collection Shelves 14/07/2023   ၄၉၁.၃၇၀၇၁ တက် ၁၆၀၃၈(၂) (S-SAT) MB00016038 14/07/2023 14/07/2023 Book (Short term) ၁၆၀၃၈(၂) (S-SAT)
          Special Collections Shan State Buddhist University Library Shan State Buddhist University Library Special Collection Shelves 14/07/2023   ၄၉၁.၃၇၀၇၁ တက် ၁၆၀၁၅(၁) (S-SAT) MB00016015 14/07/2023 14/07/2023 Book (Short term) ၁၆၀၁၅(၁) (S-SAT)

Library - 09407999929
Admin Office - 09407999979
Dean Office - 09250910768
Registrar Office - 09892297154
Email - [email protected]
Shan State Buddhist University, Phaya Phyu Taunggyi, Shan State, Myanmar.